000 00374 a2200169 4500
001 72389
020 _a8532258794
040 _cAnchieta - Colégio São Paulo
100 _aBandeira, Pedro
240 1 0 _aO poeta e o cavaleiro
_lpor
245 1 0 _aO poeta e o cavaleiro
300 _a95
362 0 _a2006
440 1 _aFTD
650 4 _aLiteratura juvenil
942 _cBK
999 _c72389
_d72389